| 000 | 00701 a2200229 4500 | ||
|---|---|---|---|
| 003 | 0198991 | ||
| 005 | 20250904100015.0 | ||
| 008 | 250904b |||||||| |||| 00| 0 eng d | ||
| 020 | _a978-978-59595-4-3 | ||
| 040 |
_cNile University of Nigeria ,Abuja _erda |
||
| 050 | _aKP 144 .A9 | ||
| 082 | _aKP 144 .A9 | ||
| 100 |
_aAyodele, Benson Oloworaran _d2022 |
||
| 245 |
_aElectronic Evidence and Digital Transaction Law _cOloworaran Esther Uchechukwu |
||
| 260 |
_aZaria , Kaduna. _bABU Press. _c2022 |
||
| 264 |
_aZaria , Kaduna. _bABU Press. _c2022 |
||
| 300 | _bxxxii, 459pg., 35 cm. | ||
| 336 | _2rdacontent | ||
| 338 | _2rdacarrier | ||
| 650 | _aDigital Transactions Law | ||
| 942 |
_2lcc _cBK |
||
| 999 |
_c43624 _d43624 |
||